000 00691cam a2200217 4500
001 ABS61600
008 000000n1999 000 0 eng u
035 _a(Sirsi) u102655
100 _aSeidl, A.
245 4 _aThe pack breaks away
260 _c1999
490 _aEstates Gazette
_v(9946) 20 November 1999, 60-64(5)
520 _aA ranking of the top 100 commercial surveying firms by turnover, which indicates the the gap between the top 12 firms and the rest is widening.
590 _aABS
650 _aSURVEYING FIRMS
650 _aLEAGUE TABLES
650 _aTURNOVER
650 _aRANKINGS
690 _aMANAGEMENT-BUSINESS MANAGEMENT-PROFESSIONAL PRACTICE
942 _n0
999 _c61650
_d61650